Algunas diferencias y similitudes entre la norma unificada argentina de contabilidad (NUA) y las normas internacionales de información financiera (NIIF). Resultado del periodo, resultados diferidos y otro resultado integral (Registro nro. 10641)
[ vista simple ]
| 000 -LEADER | |
|---|---|
| fixed length control field | 00515 a2200109 4500 |
| 001 - CONTROL NUMBER | |
| control field | ART_60640 |
| 005 - DATE AND TIME OF LATEST TRANSACTION | |
| control field | 20260410161611.0 |
| 008 - FIXED-LENGTH DATA ELEMENTS--GENERAL INFORMATION | |
| fixed length control field | 260409a |
| 100 1# - MAIN ENTRY--PERSONAL NAME | |
| Personal name | Zgaib, Alfredo O. |
| 245 10 - TITLE STATEMENT | |
| Title | Algunas diferencias y similitudes entre la norma unificada argentina de contabilidad (NUA) y las normas internacionales de información financiera (NIIF). Resultado del periodo, resultados diferidos y otro resultado integral |
| 773 0# - HOST ITEM ENTRY | |
| Title | Profesional & Empresaria |
| Related parts | - Año XXV, Nº 295 (abr. 2024) |
| Record control number | REV70 |
No hay ítems disponibles.